|
|
|
|
| LEADER |
00000cam a2200000 7i4500 |
| 001 |
0000030608 |
| 005 |
20151222.0 |
| 008 |
110216 |
| 020 |
|
|
|a 1846860342
|
| 090 |
0 |
0 |
|a FT
|b ENG
|
| 100 |
1 |
|
|a Matthews, John
|
| 245 |
1 |
0 |
|a Knights
|c John Matthews
|
| 260 |
|
|
|a UK :
|b Barefoot Books ,
|c 2002
|
| 500 |
|
|
|a Children ages 7-9 years old (orange)
|
| 650 |
|
0 |
|a Knights and knighthood
|x folklore
|
| 700 |
1 |
|
|a Manna, Giovanni
|
| 999 |
|
|
|a 0001050346
|b Book
|c Children Collection
|e Cawangan Bandar Penawar
|
| 999 |
|
|
|a 0001057968
|b Book
|c Children Collection
|e Perbadanan Perpustakaan Awam Johor
|
| 999 |
|
|
|a 0001057969
|b Book
|c Children Collection
|e Perbadanan Perpustakaan Awam Johor
|
| 999 |
|
|
|a 0001057970
|b Book
|c Children Collection
|e Perbadanan Perpustakaan Awam Johor
|